Logo Biblioteca

Entre números II : (Registro nro. 1038)

Detalles MARC
000 -LEADER
fixed length control field 01138nam a2200277 a 4500
003 - CONTROL NUMBER IDENTIFIER
control field AR-BaBN
005 - DATE AND TIME OF LATEST TRANSACTION
control field 20260604143543.0
007 - PHYSICAL DESCRIPTION FIXED FIELD--GENERAL INFORMATION
fixed length control field ta
008 - FIXED-LENGTH DATA ELEMENTS--GENERAL INFORMATION
fixed length control field 170906s2016 ag a |r 00| 0 spa d
020 ## - INTERNATIONAL STANDARD BOOK NUMBER
International Standard Book Number 9789504650867
040 ## - CATALOGING SOURCE
Original cataloging agency AR-BaBN
Language of cataloging spa
Transcribing agency AR-RoUNCS
041 ## - LANGUAGE CODE
Language code of text/sound track or separate title spa
245 00 - TITLE STATEMENT
Title Entre números II :
Remainder of title actividades de matemática /
Statement of responsibility, etc. Pablo J. Kaczor ; Verónica L. Outón ; bajo la dirección de Mónica Pavicich.
246 23 - VARYING FORM OF TITLE
Title proper/short title Entre números 2
250 ## - EDITION STATEMENT
Edition statement 1a ed.
260 ## - PUBLICATION, DISTRIBUTION, ETC.
Place of publication, distribution, etc. Ciudad Autónoma de Buenos Aires :
Name of publisher, distributor, etc. Santillana,
Date of publication, distribution, etc. 2016.
300 ## - PHYSICAL DESCRIPTION
Extent 160 p. ;
Dimensions 28 cm.
505 ## - FORMATTED CONTENTS NOTE
Formatted contents note Números enteros -- Números racionales -- Ángulos. Triángulos. Criterios de congruencia -- Lenguaje algebraico -- Gráficos y funciones -- Cuadriláteros. Cuerpos geométricos -- Perímetros y áreas. Teorema de Pitágoras. Volúmenes -- Estadística y probabilidad.
650 #7 - SUBJECT ADDED ENTRY--TOPICAL TERM
Topical term or geographic name entry element Matemáticas
Source of heading or term embne
655 #7 - INDEX TERM--GENRE/FORM
Genre/form data or focus term Libros de texto
Source of term embne
700 1# - ADDED ENTRY--PERSONAL NAME
Personal name Pavicich, Mónica
Relator term dir.
700 1# - ADDED ENTRY--PERSONAL NAME
Personal name Kaczor, Pablo J.
Relator term autor
700 1# - ADDED ENTRY--PERSONAL NAME
Personal name Outón, Verónica L.
Relator term autor
751 ## - ADDED ENTRY-GEOGRAPHIC NAME
Geographic name Buenos Aires
Relator term lugar de publicación
Relationship pup
942 ## - ADDED ENTRY ELEMENTS (KOHA)
Source of classification or shelving scheme Universal Decimal Classification
Koha item type Obra General
Suppress in OPAC No
Existencias
Withdrawn status Lost status Source of classification or shelving scheme Damaged status Not for loan Collection Home library Current library Date acquired Source of acquisition Total checkouts Full call number Barcode Date last seen Price effective from Koha item type
    Universal Decimal Classification     Colección General Biblioteca Escuela de Ciencias Sociales Biblioteca Escuela de Ciencias Sociales 04/06/2026 Donación 2026   510(07) En61 001525 04/06/2026 04/06/2026 Obra General
Biblioteca de la Escuela Preuniversitaria en Ciencias Sociales y Humanísticas.
Riobamba 250 bis.
CP 2000 - Rosario - Santa Fe
E-Mail: biblioteca@esociales.unr.edu.ar